Регионална библиотека "Любен Каравелов" - Русе

Усъвършенстваният Монтесори метод (Запис номер 450343)

MARC детайли
000 -Лидер
Контролно поле с фиксирана дължина 01763nam a2200337 a 4500
003 - Код на организацията, давaща контролен номер
Контролно поле BLK
005 - Дата и час на последна редакция
Контролно поле 20250722132736.0
008 - Елементи от данни с фиксирана дължина
fixed length control field 181024b bu ||||| |||| 00| 0 bu d
020 ## - Международен стандартен номер на книга ISBN
Международен стандартен номер на книга ISBN 9786197586008
040 ## - Източник на каталожния запис
Идентификатор на билиотеката - собственик на записа BLK
041 ## - Код за език
Код за езика на текст/звукозапис или на отделно заглавие Български
Код за езика КДБФ Български
080 ## - УДК
Текстов определител УДК Методични основи на отделните теории и системи
УДК код - определител по УДК 37.022
УДК - код + определител 37.022
100 ## - Редна дума - Автор
Автор Монтесори, Мария
Авторска отговорност първи автор
R(LIN) 1299
139 ## - Редно поле
Редна дума Монтесори, Мария
Авторски знак Мони - М 87
245 ## - Сведения за заглавието
Заглавие Усъвършенстваният Монтесори метод
Редно поле (дума) Мария Монтесори ; предг. Марио Монтесори ; прев. от англ. Десислава Чешмеджиева-Стойчева
Подзаглавни данни Т. 1 -
Том Т. 2
257 ## - Страна на издаване
Страна на създаване/издаване България
260 ## - Област на издателските данни
Място на издаване, разпространение и проч. София
Име на издателя, разпространителя и проч. Асеневци
Година на издаване 2022
9 (RLIN) 213613
300 ## - Физическа характеристика
Размери/Мащаб 20 см
380 ## - Жанр
Жанр Обществени науки
500 ## - Общи забележки
Забележка Ориг. загл., установено от доп. източник: The advanced Montessori method / Maria Montessori<br/>Възприетата форма на името на прев. Десислава Чешмеджиева-Стойчева e Десислава Стоянова Чешмеджиева
650 #7 - Допълнително описание по предмет – тема
9 (RLIN) 153033
Основно описание – тема или топоним Детска и педагогическа психология
653 #7 - Ключова дума – ненормативна
9 (RLIN) 190909
Ключова дума метод на М. Монтесори
653 #7 - Ключова дума – ненормативна
9 (RLIN) 193479
Ключова дума педагогическа психология
653 #7 - Ключова дума – ненормативна
9 (RLIN) 183705
Ключова дума възпитание
700 ## - Други автори (авторска отговорност)
9 (RLIN) 344837
Лично име Чешмеджиева-Стойчева, Десислава
Автороска отговорност (Описва отношението между автора и произведението) прев. от англ.
700 ## - Други автори (авторска отговорност)
9 (RLIN) 401063
Лично име Монтесори, Марио М.
Автороска отговорност (Описва отношението между автора и произведението) предг.
760 ## - Описание на основната серия
Страници - том 463 с.
Част - том Т. 2
999 ## - СИСТЕМНИ КОНТРОЛНИ НОМЕРА
Koha biblionumber 450343
Koha biblioitemnumber 450343
942 ## - АРТИКУЛИ
Скрит в OPAC Не
Вид на библиотечния материал Книги
Koha issues (borrowed), all copies 36
Периодичен библиозапис Да
944 ## - СЪЗДАВАНЕ И РЕДАКЦИЯ на ЗАПИСА
Служител, извършил регистрацията/редакцията 30545
Статус, дата на статуса Нора Радева
999 ## - СИСТЕМНИ КОНТРОЛНИ НОМЕРА
Koha biblioitemnumber 450343
Наличности
Код за отписване Код за изгубен артикул Източник на класификационната схема Код за повреда Код за отдаване Артикулен № Име на библиотеката - собственик Име на библиотеката, в която се намира в момента Статус (Текущо местоположение) Дата на вписване в системата Местоположение - отдел Цена в лева Систематично азбучна сигнатура Баркод Цена в евро Служебен тип на артикула
  Не е изгубен Universal Decimal Classification Не е повреден заемане за дома 878763 Регионална библиотека "Любен Каравелов" Русе Регионална библиотека "Любен Каравелов" Русе Заемна - подръчен фонд 2022-03-25 Заемна - подръчен фонд 29.96 37.02/М 87 М 120000870286 15.32 Книги
  Не е изгубен Universal Decimal Classification Не е повреден заемане за дома 878764 Регионална библиотека "Любен Каравелов" Русе Регионална библиотека "Любен Каравелов" Русе Заемна - подръчен фонд 2022-03-25 Заемна - подръчен фонд 29.96 37.02/М 87 М 120000870287 15.32 Книги
Vip Innovations Ltd, Rousse, Bulgaria 2025